Upravlenije vnešneekonomičeskoj dejatel'nost'ju socialističeskich stran

Gespeichert in:
Bibliographische Detailangaben
Format: Buch
Sprache:Russisch
Veröffentlicht: Moskva Nauka 1979
Tags: Tag hinzufügen
Keine Tags, Fügen Sie das erste Tag hinzu!

MARC

LEADER 00000nam a2200000 4500
001 c119391
005 20041019155214.0
041 0 |a rus 
044 |a RU 
245 1 0 |a Upravlenije vnešneekonomičeskoj dejatel'nost'ju socialističeskich stran 
264 1 |a Moskva  |b Nauka  |c 1979 
300 |a 319 s.